History Quiz

Random History or Letter Quiz

Presidential Letters Quiz Stats

 Plays Quiz not verified by Sporcle

Score 0/26 Timer 02:00
0 Plays Today
Rank Letter % Correct
1stN
98.4%
2ndO
93.7%
3rdA
93.7%
3rdE
93.7%
6thS
88.9%
3rdR
87.3%
8thI
82.5%
7thL
77.8%
9thH
74.6%
9thT
71.4%
11thC
58.7%
11thD
54%
11thM
50.8%
Rank Letter % Correct
25thZ
47.6%
25thQ
47.6%
14thU
42.9%
24thX
41.3%
17thB
41.3%
15thG
39.7%
15thF
38.1%
17thV
36.5%
17thY
34.9%
20thJ
34.9%
20thK
34.9%
22ndP
34.9%
22ndW
25.4%

You're not logged in!

Compare scores with friends on all Sporcle quizzes.
OR
Log In

Show Comments

Extras

Top Quizzes Today


Score Distribution

Your Account Isn't Verified!

In order to create a playlist on Sporcle, you need to verify the email address you used during registration. Go to your Sporcle Settings to finish the process.

Report this User

Report this user for behavior that violates our Community Guidelines.

Details: